Statistics for Top 10 most popular mobile games

Click here to take the quiz!

General Stats

  • This quiz has been taken 130 times
  • The average score is 3 of 10

Answer Stats

QuestionAnswer% Correct
5Clash Of clans
66%
6Minecraft
58%
2Subway Surfers
55%
9Clash Royale
53%
7Fortnite
38%
4Candy Crush Saga
24%
3PUBG Mobile
13%
1Helix Jump
3%
8Happy Glass
2%
10Sniper 3D
2%

Score Distribution

Percentile by Number Answered

Percent of People with Each Score

Your Score History

You have not taken this quiz